| 000 | 00952cam a22002055a 4500 | ||
|---|---|---|---|
| 001 | L149098 | ||
| 008 | 100111e2009 xxk 000 0 eng d | ||
| 035 | _a(Sirsi) u149098 | ||
| 041 | 0 | _aeng | |
| 100 | 1 | _aSandher, Hardeep | |
| 245 | 0 | 0 |
_aMarkets _bYorkshire and north Lincs |
| 260 | _c2009 | ||
| 490 | 0 |
_aProperty Week _v75(48) 27 November 2009, 45-52(5) |
|
| 520 | _aLand Securities becomes sole player in Trinity Leeds, the city's biggest retail development to date. Leeds plans trolleybus network to go where notorious 'supertram' scheme failed. Legal and General Property has started its mixed use scheme next to Wakefield's Westgate station which it might move to free-up land for a new city-centre hotel. Isis Waterside Regeneration's Leeds flats development is now complete. | ||
| 590 | _aKA | ||
| 651 | 4 |
_aYorkshire _y1888- |
|
| 651 | 4 | _aLincolnshire | |
| 690 | _aPROPERTY-COMMERCIAL PROPERTY-COMMERCIAL PROPERTY MARKET | ||
| 942 | _n0 | ||
| 999 |
_c82047 _d82047 |
||